| 000 | 01000cam a22002651 4500 | ||
|---|---|---|---|
| 001 | l 56000013 | ||
| 003 | DLC | ||
| 005 | 20260227111544.0 | ||
| 008 | 760310s1956 sz 000 0 eng | ||
| 010 | _al 56000013 | ||
| 035 | _a(OCoLC)2042324 | ||
| 040 |
_aDLC _cLU _dOCoLC _dDLC |
||
| 050 | 0 | 0 |
_aHD7801 _b.I67 no. 43 |
| 110 | 2 | _aInternational Labour Office | |
| 245 | 0 | 0 | _aProblems of wage policy in Asian countries. |
| 260 |
_aGeneva, _c1956. |
||
| 300 |
_avi, 141 p. _c24 cm. |
||
| 490 | 1 |
_aIts Studies and reports, new ser., _vno. 43 |
|
| 500 | _a"Revised version of a report prepared for the Asian Regional Conference of the International Labour Organisation held in Tokyo in September 1953." | ||
| 650 | 0 |
_aWages _zAsia. |
|
| 650 | 0 |
_aMinimum wage _zAsia. |
|
| 711 | 2 |
_aAsian Regional Conference of the International Labor Organization _d(1953 : _cTokyo) |
|
| 740 | 0 | _aWage policy in Asian countries. | |
| 810 | 2 |
_aInternational Labour Office. _tStudies and reports, new ser., _vno. 43. |
|
| 999 |
_c36907 _d36907 |
||